The international journal on Hydropower and Dams (Record no. 8785)

MARC details
000 -LEADER
fixed length control field 00278nam a22000977a 4500
008 - FIXED-LENGTH DATA ELEMENTS--GENERAL INFORMATION
fixed length control field 210716b ||||| |||| 00| 0 eng d
245 ## - TITLE STATEMENT
Title The international journal on Hydropower and Dams
Remainder of title Volume twenty six, issue 5, 2019
260 ## - PUBLICATION, DISTRIBUTION, ETC.
Date of publication, distribution, etc. 2019.
300 ## - PHYSICAL DESCRIPTION
Extent 123 p.
Dimensions 29 cm.
942 ## - Added entry Elements (Koha)
Source of classification or shelving scheme Dewey Decimal Classification
Holdings
Withdrawn status Lost status Source of classification or shelving scheme Damaged status Not for loan Collection code Home library Current library Shelving location Date acquired Serial Enumeration / chronology Total Checkouts Full call number Barcode Date last seen Date last checked out Price effective from Koha item type
    Dewey Decimal Classification     Periodicals RTC Library RTC Library Periodicals 16/07/2021 16043 1 Periodical serials 30015031 18/05/2022 17/05/2022 16/07/2021 Periodicals
Royal Thimphu College || All Right Reserved